000 00675nam a22002297a 4500
003 UA-OsUOA
001 28237
007 ta
008 20050314b un ||||| |||| 00| 0 ukr d
090 _a94(47+57)
_bИ90
942 _cBK
040 _aUA-OsUOA
_brus
_cUA-OsUOA
_dUA-OsUOA
245 _aС древних времен до Великрй Октябрьской социалистической революции
_cРед. Б. А.РыбаковРед. Л. Г.Бескровный и др.
300 _a718 с.
_bІлюстрації
955 _a0
041 _arus
080 _a94(47+57)
260 _c1966
044 _aRU
650 7 _2UDC
999 _c314600
_d314600